01862 a2200157 45000010006000000050017000060080041000230030015000640400040000790800065001192450043001842640037002273000019002645051399002831000022016823005920260407155611.0260407a1968 arg spa dAR-UNSa-BCEJYS aAR-UNSa-BCEJYSbspacAR-UNSa-BCEJYS a657.474.55xCostes directos e indirectos. Costes marginales 10aAnálisis de margenes, Direct Costing 1aBilbao :bEdiciones Deustoc1968 a255 p.c22 cm. a 1. El direct costing punto de encuentro de los economistas y de los contables - 2. El dirct costing. El modelo de corto plazo de una fabricación industrial - Los Gastos - 3. La estandarización de los gastos variables, el precio del costo directo standar - 4. El presupuesto de los gastos fijos, los presupuesos flexibles de los gastos de producción - Los márgenes brutos - 5. Programación de la rentabilidad por medio de los márgenes brutos en el trabajo en ciclo continuo - 6. La programación económica del trabajo sobre pedido - 7. El modelo económico de las fabricaciones de los productos - 8. Problemas propios de los bienes de producción y de determinados bienes de consumo - 9. La incertidumbre - 10. Los factores cualitativos - Ajustes de los razonamientos de corto plazo los ajustes dinámicos - 11. Modificación del coste de factores. Movimientos dinámicos del mer cado que crece o decrece estructuralmente y se ve afectado por fluctuaciones coyunturales - 12. La guerra de precios - 13. Costes a corto plazo para desarrollar operaciones beneficiosas a largo plazo - 14. El reemplazo de las instalaciones - 15. Los aumentos de capacidad - 16. La creación de una factoría nueva o de un taller suplementario destinado a fabricar productos conocidos - 17. La creación de una nueva factoría para fabricar un nuevo producto - 18. El crecimiento armónico1 aDe Bodt, Gérard